000 00539nam a2200181Ia 4500
005 20250326123459.0
008 250326s9999 xx 000 0 und d
037 _aTextbook
040 _aFMSL
_beng
_cFMSL
041 _aeng
_2eng
084 _aX:89ZB(Y:434) P6
_qFMSL
100 _aMehta A K
_9735257
245 0 _aChronic poverty and devlopment policy in India
_cMehta A K; Shepherd A
260 _aNew Delhi
_bNew Delhi, Sage
_c2006
300 _a411p
942 _cTB
_hX:89ZB(Y:434) P6
999 _c1269540
_d1269540